00770 2200277 4500001002100000005001700021008004100038020002200079035002400101040001200125082001200137084001600149100001800165245008700183250001000270260003300280300003100313440003100344650001100375700002200386850001200408990001800420990001800438990001800456990001800474INLIS00000000000383920160729112406.0  a978-979-26-9388-1 0010-041500000000905 aYOPDYOG 223a135 aK 135 Han M aHAN, Sang-Hae aMengapa bayangan kita ada di cermin?c/Han Sang-Hae; penerjemah, Chriswan Sungkono aEd. 1 aBandungbPelangi Mizanc2011 a37 hlm.b: ilus.c; 27 cm. aseri confidence in science aVisiun aChriswan Sungkono aYOPDYOG a11028-PD/B.15 a11028-PD/B.15 a11029-PD/B.15 a11030-PD/B.15